00514nam a2200157 a 450000100100000000500170001000800410002704000250006808200150009310000430010824500590015126000430021030000270025349000380028083000380031800002781020240502105558.0110405s1986 dr a 000 0 spa d aDO-SdBNPbspacBNPHU axxxxbD5421 aDíaz Grullón, Virgilio,d1924-200113aEl escritor ante su obra /cVirgilio Díaz Grullón. aSanto Domingo :bImpresos Isla,c1986. a92 p. :bil. ;c16 cm.1 aAntología de nuetra vozvno. 26 0aAntología de nuetra vozvno. 26